[Event "SVK-chT5 1516"]
[Site "Slovakia"]
[Date "2015.11.28"]
[Round "3.4"]
[White "Cambal, Peter"]
[Black "Petrek, Miroslav"]
[Result "1-0"]
[WhiteElo "1136"]
[BlackElo "1000"]
[PlyCount "81"]
[EventDate "2015.10.24"]
[EventType "team-tourn"]
[EventRounds "9"]
[EventCountry "SVK"]
[SourceTitle "CBM 170 Extra"]
[Source "ChessBase"]
[SourceDate "2016.02.25"]
[SourceVersion "1"]
[SourceVersionDate "2016.02.25"]
[SourceQuality "1"]
[WhiteTeam "Holic II"]
[BlackTeam "Senica Intechess"]
[WhiteTeamCountry "SVK"]
[BlackTeamCountry "SVK"]

1. e4 c5 2. Nf3 d6 3. d4 cxd4 4. Nxd4 Nf6 5. Nc3 a6 6. Be2 Nc6 7. Nb3 e6 8. Bg5 Be7 9. 0-0 0-0 10. Qd2 b5 11. Bd3 Bb7 12. Rae1 b4 13. Nd1 d5 14. e5 Nd7 15. Bxe7 Qxe7 16. f4 f6 17. exf6 Rxf6 18. Rf3 Raf8 19. Nf2 Qd6 20. Nh3 e5 21. fxe5 Ndxe5 22. Rxf6 Rxf6 23. Qg5 Rg6 24. Bxg6 Nxg6 25. Re8+ Nf8 26. Nf4 Qd7 27. Qxd5+ Qxd5 28. Nxd5 Kf7 29. Re1 g5 30. Nc5 Bc8 31. Nb6 Bf5 32. Rf1 Kg6 33. Nxa6 Ne6 34. a3 Bxc2 35. Nxb4 Nxb4 36. axb4 Bd3 37. Re1 Nf4 38. Nd7 Bb5 39. Re3 Bxd7 40. Re7 Bb5 41. Rb7 1-0

[Event "SVK-chT5 1516"]
[Site "Slovakia"]
[Date "2015.11.14"]
[Round "2.5"]
[White "Cambal, Peter"]
[Black "Jankovic, Erik"]
[Result "1-0"]
[WhiteElo "1136"]
[BlackElo "1000"]
[PlyCount "59"]
[EventDate "2015.10.24"]
[EventType "team-tourn"]
[EventRounds "9"]
[EventCountry "SVK"]
[SourceTitle "CBM 170 Extra"]
[Source "ChessBase"]
[SourceDate "2016.02.25"]
[SourceVersion "1"]
[SourceVersionDate "2016.02.25"]
[SourceQuality "1"]
[WhiteTeam "Holic II"]
[BlackTeam "Borsky Mikulas"]
[WhiteTeamCountry "SVK"]
[BlackTeamCountry "SVK"]

1. e4 e5 2. f4 Nc6 3. Nf3 d6 4. Bc4 Nf6 5. Nc3 Bg4 6. 0-0 Nd4 7. fxe5 dxe5 8. d3 Bc5 9. Kh1 Bb4 10. Bg5 Bxc3 11. bxc3 Nc6 12. d4 exd4 13. cxd4 Nxd4 14. Qxd4 Qxd4 15. Nxd4 Nxe4 16. Bxf7+ Kf8 17. Bd5+ Ke8 18. Bxe4 Rf8 19. Rxf8+ Kxf8 20. Rf1+ Kg8 21. Bd5+ Kh8 22. Rf7 Re8 23. Bh4 Rd8 24. Bxd8 g6 25. Bf6+ Kg8 26. Nb5 Bd1 27. Nxc7 Bxc2 28. Be6 Ba4 29. Nd5 Be8 30. Ne7# 1-0

[Event "SVK-chT5 SE-SI 1415"]
[Site "Slovakia"]
[Date "2014.11.29"]
[Round "4.3"]
[White "Filipek, Pavol"]
[Black "Cambal, Peter"]
[Result "0-1"]
[WhiteElo "1149"]
[BlackElo "1067"]
[PlyCount "98"]
[EventDate "2014.10.18"]
[EventType "team-tourn"]
[EventRounds "11"]
[EventCountry "SVK"]
[SourceTitle "EXT 2022"]
[Source "ChessBase"]
[SourceDate "2021.10.06"]
[SourceVersion "1"]
[SourceVersionDate "2021.10.06"]
[SourceQuality "1"]
[WhiteTeam "Stefanov III"]
[BlackTeam "Holic II"]
[WhiteTeamCountry "SVK"]
[BlackTeamCountry "SVK"]

1. e4 c5 2. Nf3 d6 3. d4 cxd4 4. Nxd4 Nf6 5. Nc3 a6 6. Be2 e5 7. Nf3 Be7 8. 0-0 0-0 9. Bg5 Be6 10. Nd5 Bxd5 11. Bxf6 Bxf6 12. Qxd5 Qc7 13. c3 Nd7 14. Qd2 Nc5 15. Qc2 Rac8 16. Nd2 b5 17. Bg4 Ra8 18. b3 Rfb8 19. Kh1 Bg5 20. Nf3 Bf6 21. Rfe1 b4 22. c4 a5 23. Qd2 a4 24. Qe3 Ra7 25. Nd2 Rba8 26. Reb1 Qc6 27. Bd1 h6 28. f4 exf4 29. Qxf4 Bxa1 30. Rxa1 axb3 31. Nxb3 Qxe4 32. Qxe4 Nxe4 33. Bf3 Re8 34. h3 Nc3 35. Bc6 Rc8 36. Bb5 Rxa2 37. Rxa2 Nxa2 38. Nd4 Kf8 39. Kh2 Nc3 40. Ba6 Rb8 41. Nc6 Rb6 42. Bb5 b3 43. Nd4 b2 44. Nf3 Nxb5 45. Nd2 Nc3 46. Kg3 b1Q 47. Nxb1 Nxb1 48. Kf3 Nd2+ 49. Ke3 Nxc4+ 0-1

[Event "SVK-chT5 SE-SI 1314"]
[Site "Slovakia"]
[Date "2013.12.14"]
[Round "5.2"]
[White "Cambal, Peter"]
[Black "Sobek, Michal"]
[Result "0-1"]
[WhiteElo "1014"]
[BlackElo "1230"]
[PlyCount "60"]
[EventDate "2013.10.19"]
[EventType "team-tourn"]
[EventRounds "11"]
[EventCountry "SVK"]
[SourceTitle "EXT 2022"]
[Source "ChessBase"]
[SourceDate "2021.10.06"]
[SourceVersion "1"]
[SourceVersionDate "2021.10.06"]
[SourceQuality "1"]
[WhiteTeam "Holic II"]
[BlackTeam "Stefanov III"]
[WhiteTeamCountry "SVK"]
[BlackTeamCountry "SVK"]

1. e4 e5 2. f4 Bc5 3. Nf3 d6 4. Bc4 Nf6 5. Qe2 Nc6 6. a3 Bg4 7. c3 Be6 8. Bxe6 fxe6 9. b4 Bb6 10. Bb2 0-0 11. d4 exf4 12. 0-0 e5 13. Kh1 Ng4 14. Re1 Ne3 15. g3 Qd7 16. Rg1 Rae8 17. gxf4 exf4 18. Bc1 Rxe4 19. Bxe3 Rxe3 20. Qg2 Rf6 21. Nh4 Rf7 22. Ra2 Qe6 23. Rf2 Re1 24. Rxf4 Rxg1+ 25. Qxg1 Rxf4 26. Ng2 Rf6 27. Nd2 Qe2 28. Qc1 Rf2 29. Qc2 Rf1+ 30. Nxf1 Qxf1# 0-1

[Event "SVK-chT5 SE-SI 1314"]
[Site "Slovakia"]
[Date "2013.11.09"]
[Round "3.3"]
[White "Zajicek, Ferdinand"]
[Black "Cambal, Peter"]
[Result "1-0"]
[WhiteElo "1823"]
[BlackElo "1014"]
[PlyCount "59"]
[EventDate "2013.10.19"]
[EventType "team-tourn"]
[EventRounds "11"]
[EventCountry "SVK"]
[SourceTitle "EXT 2022"]
[Source "ChessBase"]
[SourceDate "2021.10.06"]
[SourceVersion "1"]
[SourceVersionDate "2021.10.06"]
[SourceQuality "1"]
[WhiteTeam "Gbely Nafta II"]
[BlackTeam "Holic II"]
[WhiteTeamCountry "SVK"]
[BlackTeamCountry "SVK"]

1. e4 c5 2. Nf3 d6 3. Nc3 Nf6 4. a3 Qa5 5. Bc4 e6 6. 0-0 a6 7. d3 b5 8. Bb3 Bb7 9. Bd2 Qc7 10. Re1 Nbd7 11. Bf4 Nh5 12. Bg5 h6 13. Bh4 g6 14. Bg3 Nxg3 15. fxg3 Bg7 16. Qd2 0-0 17. Rf1 Rfd8 18. Qf4 Nb6 19. Rf2 c4 20. Ba2 d5 21. Qxc7 cxd3 22. cxd3 dxe4 23. dxe4 Na4 24. Qxb7 Nxb2 25. Nh4 Rf8 26. Ne2 Nd3 27. Rxf7 Bxa1 28. Bxe6 Bg7 29. Rxg7+ Kh8 30. Nxg6# 1-0